[Event "Titled Tuesday intern op 27th Sep Late"]
[Site "Chess.com INT"]
[Date "2022.09.27"]
[Round "1"]
[White "Romanchuk, Viktor"]
[Black "Blanco Gramajo, Cesar Augusto"]
[Result "1-0"]
[WhiteElo "2266"]
[BlackElo "2040"]
[PlyCount "59"]
[EventDate "2022.09.27"]
[EventType "swiss (blitz)"]
[EventRounds "11"]
[EventCountry "USA"]
[SourceTitle "CBM 210 Extra"]
[Source "ChessBase"]
[SourceDate "2022.11.30"]
[SourceVersion "1"]
[SourceVersionDate "2022.11.30"]
[SourceQuality "1"]

1. d4 Nf6 2. c4 c5 3. Nf3 cxd4 4. Nxd4 Nc6 5. Nc3 g6 6. g3 Bg7 7. Bg2 0-0 8. 0-0 Nxd4 9. Qxd4 d6 10. Qd3 Rb8 11. Be3 a6 12. Rac1 Be6 13. Nd5 Nxd5 14. cxd5 Bf5 15. Qb3 Qd7 16. Bb6 Rfc8 17. e4 Bh3 18. Bxh3 Qxh3 19. Bc7 Ra8 20. Qxb7 Bd4 21. Ba5 h5 22. Qxe7 h4 23. Qxd6 hxg3 24. Qxg3 Qxg3+ 25. hxg3 Bxb2 26. Rxc8+ Rxc8 27. d6 Bf6 28. e5 Rc5 29. exf6 Rxa5 30. Rd1 1-0

[Event "Titled Tuesday intern op 30th Nov"]
[Site "Chess.com INT"]
[Date "2021.11.30"]
[Round "6"]
[White "Bentivegna, Francesco"]
[Black "Blanco Gramajo, Cesar Augusto"]
[Result "1/2-1/2"]
[WhiteElo "2281"]
[BlackElo "2065"]
[PlyCount "153"]
[EventDate "2021.11.30"]
[EventType "swiss (blitz)"]
[EventRounds "11"]
[EventCountry "USA"]
[SourceTitle "CBM 205 Extra"]
[Source "ChessBase"]
[SourceDate "2022.01.31"]
[SourceVersion "1"]
[SourceVersionDate "2022.01.31"]
[SourceQuality "1"]

1. e4 c5 2. Nf3 d6 3. d4 cxd4 4. Qxd4 Nc6 5. Bb5 Bd7 6. Bxc6 Bxc6 7. Nc3 e5 8. Qd3 Nf6 9. Bg5 Be7 10. 0-0-0 0-0 11. Bxf6 Bxf6 12. Qxd6 Qxd6 13. Rxd6 Be7 14. Rd3 f6 15. Rhd1 Bc5 16. R3d2 Bb4 17. Rd3 Bxc3 18. Rxc3 Bxe4 19. Rd7 Bc6 20. Rd6 Kf7 21. Nh4 Rad8 22. Rcd3 Rxd6 23. Rxd6 g6 24. g3 Ke7 25. Rd2 Rc8 26. f4 exf4 27. gxf4 Kf7 28. Ng2 Re8 29. b3 Re4 30. Rf2 h5 31. Kd2 b5 32. Ne3 b4 33. f5 Rd4+ 34. Ke2 g5 35. Nf1 Bb5+ 36. Ke3 Rd5 37. Nd2 Bd7 38. Ne4 Bxf5 39. Nd6+ Rxd6 40. Rxf5 Kg6 41. Rb5 Rc6 42. Rxb4 Rxc2 43. Ra4 Rxh2 44. Rxa7 h4 45. b4 Rb2 46. a3 h3 47. Ra8 Kf5 48. Rh8 g4 49. Kd4 Kf4 50. Kc5 h2 51. b5 Rd2 52. b6 Re2 53. Kd6 Rb2 54. Kc7 Rxb6 55. Kxb6 g3 56. a4 Kf3 57. a5 Kg2 58. Rf8 h1Q 59. Rxf6 Kh2 60. Rc6 Qg1+ 61. Kb5 Qf1+ 62. Kb6 Qb1+ 63. Kc7 g2 64. Rh6+ Kg1 65. Rb6 Qc1+ 66. Kb7 Kf1 67. a6 g1Q 68. Rf6+ Qf2 69. Rxf2+ Kxf2 70. a7 Qb2+ 71. Ka8 Qa3 72. Kb8 Qa5 73. Kb7 Qb5+ 74. Kc8 Qa4 75. Kb8 Qa6 76. a8Q Qxa8+ 77. Kxa8 1/2-1/2

[Event "Titled Tuesday intern op 30th Nov"]
[Site "Chess.com INT"]
[Date "2021.11.30"]
[Round "7"]
[White "Blanco Gramajo, Cesar Augusto"]
[Black "Kuegel, Tobias"]
[Result "1/2-1/2"]
[WhiteElo "2065"]
[BlackElo "2242"]
[PlyCount "101"]
[EventDate "2021.11.30"]
[EventType "swiss (blitz)"]
[EventRounds "11"]
[EventCountry "USA"]
[SourceTitle "CBM 205 Extra"]
[Source "ChessBase"]
[SourceDate "2022.01.31"]
[SourceVersion "1"]
[SourceVersionDate "2022.01.31"]
[SourceQuality "1"]

1. d4 Nf6 2. Nf3 d5 3. g3 e6 4. Bg2 Be7 5. 0-0 0-0 6. c4 dxc4 7. Qc2 a6 8. Qxc4 b5 9. Qc2 Bb7 10. b3 Be4 11. Qb2 Nbd7 12. Nbd2 Bb7 13. Ne5 Bxg2 14. Kxg2 Nxe5 15. dxe5 Qd5+ 16. f3 Nd7 17. Ne4 Qxe5 18. Qxe5 Nxe5 19. Bf4 Nc6 20. Rac1 Nb4 21. Rxc7 Nd5 22. Rc2 Rfd8 23. Kf2 f5 24. Ng5 Nxf4 25. gxf4 Bxg5 26. fxg5 Rd7 27. Rfc1 Kf7 28. h4 Ke7 29. f4 h6 30. e3 hxg5 31. hxg5 Rh8 32. Kg3 g6 33. Rc7 Rhd8 34. Rxd7+ Rxd7 35. Kf3 Rd2 36. Rc7+ Rd7 37. Rxd7+ Kxd7 38. a3 Kd6 39. e4 b4 40. a4 Kc5 41. Ke3 a5 42. Kd3 fxe4+ 43. Kxe4 Kd6 44. Kd4 Kd7 45. Ke5 Ke7 46. Kd4 Kd6 47. Ke4 Kd7 48. Kd3 Kd6 49. Ke4 Kd7 50. Kd3 Kd6 51. Ke4 1/2-1/2

[Event "Titled Tuesday intern op 30th Nov"]
[Site "Chess.com INT"]
[Date "2021.11.30"]
[Round "5"]
[White "Migot, Tangi"]
[Black "Blanco Gramajo, Cesar Augusto"]
[Result "1-0"]
[WhiteElo "2353"]
[BlackElo "2065"]
[PlyCount "63"]
[EventDate "2021.11.30"]
[EventType "swiss (blitz)"]
[EventRounds "11"]
[EventCountry "USA"]
[SourceTitle "CBM 205 Extra"]
[Source "ChessBase"]
[SourceDate "2022.01.31"]
[SourceVersion "1"]
[SourceVersionDate "2022.01.31"]
[SourceQuality "1"]

1. e4 c5 2. Nf3 d6 3. d4 cxd4 4. Nxd4 Nf6 5. Nc3 a6 6. Be2 e5 7. Nb3 Be7 8. 0-0 Be6 9. Bf3 0-0 10. a4 b6 11. Qe2 Nbd7 12. Rd1 Nc5 13. Nd2 Qc7 14. Nf1 h6 15. Ne3 Rfd8 16. Bd2 g5 17. h3 Nb7 18. Be1 Na5 19. b3 Nb7 20. Rac1 Nc5 21. Ncd5 Bxd5 22. Nxd5 Nxd5 23. Rxd5 Nd7 24. c4 Nf8 25. Bh5 Ne6 26. g3 a5 27. Qf3 Rf8 28. Rcd1 Ra7 29. Bc3 Qd8 30. Kg2 Rd7 31. Bxe5 f6 32. Bg4 1-0

[Event "Titled Tuesday intern op 09th Nov"]
[Site "Chess.com INT"]
[Date "2021.11.09"]
[Round "10"]
[White "Ianov, Viktor"]
[Black "Blanco Gramajo, Cesar Augusto"]
[Result "1-0"]
[WhiteElo "2279"]
[BlackElo "2065"]
[PlyCount "69"]
[EventDate "2021.11.09"]
[EventType "swiss (blitz)"]
[EventRounds "11"]
[EventCountry "USA"]
[SourceTitle "CBM 205 Extra"]
[Source "ChessBase"]
[SourceDate "2022.01.31"]
[SourceVersion "1"]
[SourceVersionDate "2022.01.31"]
[SourceQuality "1"]

1. Nf3 Nf6 2. g3 g6 3. b3 Bg7 4. Bb2 0-0 5. Bg2 d6 6. d4 c6 7. 0-0 Nbd7 8. c4 Re8 9. Nc3 Qc7 10. e4 e5 11. h3 a6 12. Qc2 Nf8 13. Rad1 Ne6 14. d5 cxd5 15. cxd5 Nd4 16. Nxd4 exd4 17. Rxd4 Nd7 18. Rc4 Qd8 19. Ne2 Nb6 20. Rc3 Bd7 21. Re3 Rc8 22. Qb1 Bb5 23. Bxg7 Kxg7 24. Rc1 Bxe2 25. Rxe2 Qd7 26. Rec2 Rxc2 27. Rxc2 Nc8 28. Qb2+ Kg8 29. h4 h5 30. Qd4 Ne7 31. f4 Rc8 32. Rc4 Rxc4 33. bxc4 Qa4 34. Qf6 Qd1+ 35. Kh2 1-0

[Event "Titled Tuesday intern op 09th Nov"]
[Site "Chess.com INT"]
[Date "2021.11.09"]
[Round "4"]
[White "Samarth, J Rao"]
[Black "Blanco Gramajo, Cesar Augusto"]
[Result "0-1"]
[WhiteElo "1664"]
[BlackElo "2065"]
[PlyCount "136"]
[EventDate "2021.11.09"]
[EventType "swiss (blitz)"]
[EventRounds "11"]
[EventCountry "USA"]
[SourceTitle "CBM 205 Extra"]
[Source "ChessBase"]
[SourceDate "2022.01.31"]
[SourceVersion "1"]
[SourceVersionDate "2022.01.31"]
[SourceQuality "1"]

1. d4 Nf6 2. c4 c5 3. d5 b5 4. cxb5 a6 5. bxa6 e6 6. Nc3 exd5 7. Nxd5 Nxa6 8. Bg5 Be7 9. Bf4 Nxd5 10. Qxd5 Qa5+ 11. Bd2 Nb4 12. a3 Nxd5 13. Bxa5 Rxa5 14. e4 Nf6 15. f3 0-0 16. Bc4 Bb7 17. Ne2 d5 18. exd5 Bxd5 19. Bd3 c4 20. Bc2 Bc5 21. Nc3 Re8+ 22. Kd1 Bc6 23. Re1 Rxe1+ 24. Kxe1 Ra8 25. Rd1 g6 26. Kf1 Kg7 27. Bb1 Rb8 28. Rd2 Be3 29. Rc2 Bd7 30. Ke2 Bf4 31. g4 Bxh2 32. Kf2 Bf4 33. a4 h5 34. Ba2 hxg4 35. fxg4 Nxg4+ 36. Kf3 g5 37. Nd5 Bxa4 38. Rxc4 Ne5+ 39. Ke4 Nxc4 40. Bxc4 Rxb2 41. Kd4 f6 42. Ne7 g4 43. Be6 Be5+ 44. Kc5 g3 45. Nf5+ Kg6 46. Nh4+ Kg5 47. Nf3+ Kf4 48. Ne1 g2 49. Nxg2+ Rxg2 50. Kb4 Bc6 51. Bf7 Rb2+ 52. Kc5 Rc2+ 53. Bc4 Be4 54. Kb5 Rxc4 55. Kxc4 Ke3 56. Kb5 f5 57. Ka5 f4 58. Kb5 f3 59. Ka4 f2 60. Kb4 Bh1 61. Kc4 Bh2 62. Kb5 f1Q+ 63. Kb4 Qc1 64. Kb3 Kd3 65. Ka4 Bc6+ 66. Ka5 Qb2 67. Ka6 Qb5+ 68. Ka7 Qb7# 0-1

[Event "Titled Tuesday intern op 02nd Nov"]
[Site "Chess.com INT"]
[Date "2021.11.02"]
[Round "3"]
[White "Blanco Gramajo, Cesar Augusto"]
[Black "Guliev, Logman"]
[Result "0-1"]
[WhiteElo "2065"]
[BlackElo "2273"]
[PlyCount "58"]
[EventDate "2021.11.02"]
[EventType "swiss (blitz)"]
[EventRounds "11"]
[EventCountry "USA"]
[SourceTitle "CBM 205 Extra"]
[Source "ChessBase"]
[SourceDate "2022.01.31"]
[SourceVersion "1"]
[SourceVersionDate "2022.01.31"]
[SourceQuality "1"]

1. d4 Nf6 2. Nf3 d5 3. g3 Bf5 4. Bg2 e6 5. 0-0 c6 6. c4 h6 7. Qb3 Qb6 8. c5 Qxb3 9. axb3 Nbd7 10. Bf4 a6 11. Nc3 Ne4 12. b4 g5 13. Be3 Bg7 14. Rfd1 0-0 15. Nd2 Nxd2 16. Bxd2 Bxd4 17. e3 Bg7 18. f3 Ne5 19. e4 dxe4 20. Nxe4 Bxe4 21. fxe4 Rfd8 22. Bc3 Nc4 23. Kf2 Nxb2 24. Bxb2 Bxb2 25. Rab1 Bc3 26. Bf3 Rxd1 27. Bxd1 Rd8 28. Rb3 Rxd1 29. Rxc3 Rd4 0-1

[Event "Titled Tuesday intern op 26th Oct"]
[Site "Chess.com INT"]
[Date "2021.10.26"]
[Round "3"]
[White "Blanco Gramajo, Cesar Augusto"]
[Black "Kazakov, Mikhail"]
[Result "0-1"]
[WhiteElo "2065"]
[BlackElo "2516"]
[PlyCount "100"]
[EventDate "2021.10.26"]
[EventType "swiss (blitz)"]
[EventRounds "11"]
[EventCountry "USA"]
[SourceTitle "CBM 204 Extra"]
[Source "ChessBase"]
[SourceDate "2021.11.30"]
[SourceVersion "1"]
[SourceVersionDate "2021.11.30"]
[SourceQuality "1"]

1. d4 Nf6 2. Nf3 g6 3. g3 Bg7 4. Bg2 d5 5. 0-0 0-0 6. c4 c6 7. b3 a5 8. a3 a4 9. Nbd2 axb3 10. Qxb3 Na6 11. Bb2 Rb8 12. Rad1 Be6 13. Ng5 Bf5 14. e4 dxe4 15. Ngxe4 Nxe4 16. Nxe4 Nc7 17. Rfe1 b5 18. c5 Be6 19. Qc2 Bd5 20. Nc3 Bxg2 21. Kxg2 e6 22. Ne4 Nd5 23. Nd6 Qd7 24. Re2 Rfd8 25. Rde1 Bf8 26. Ne4 Be7 27. h4 Ra8 28. Qd2 Ra4 29. h5 Bf8 30. Rh1 b4 31. axb4 Rxb4 32. Nd6 Bg7 33. h6 Bh8 34. Qg5 Rbb8 35. Ne4 Qe7 36. Qxe7 Nxe7 37. Nd6 Nd5 38. Ra1 Bf6 39. Rd2 Be7 40. Ne4 f5 41. Nd6 Bxd6 42. cxd6 Rxd6 43. Ba3 Rd7 44. Bc5 Kf7 45. Rda2 g5 46. Ra7 Rbb7 47. Ra8 Kg6 48. Rf8 Kxh6 49. Raa8 g4 50. Rg8 Rf7 0-1

[Event "Titled Tuesday intern op 26th Oct"]
[Site "Chess.com INT"]
[Date "2021.10.26"]
[Round "6"]
[White "Yeritsyan, Hayk"]
[Black "Blanco Gramajo, Cesar Augusto"]
[Result "1-0"]
[WhiteElo "2268"]
[BlackElo "2065"]
[PlyCount "75"]
[EventDate "2021.10.26"]
[EventType "swiss (blitz)"]
[EventRounds "11"]
[EventCountry "USA"]
[SourceTitle "CBM 204 Extra"]
[Source "ChessBase"]
[SourceDate "2021.11.30"]
[SourceVersion "1"]
[SourceVersionDate "2021.11.30"]
[SourceQuality "1"]

1. d4 Nf6 2. Nf3 g6 3. Bf4 Bg7 4. h3 0-0 5. e3 d6 6. Be2 c5 7. c3 cxd4 8. exd4 Nbd7 9. 0-0 b6 10. Nbd2 Bb7 11. Bh2 Re8 12. Rc1 e5 13. Nc4 Qc7 14. Re1 b5 15. dxe5 dxe5 16. Nd6 Red8 17. Nxb7 Qxb7 18. Qb3 e4 19. Nd4 a6 20. Bf1 Nc5 21. Qc2 Re8 22. Rcd1 Rad8 23. Nb3 Na4 24. Nd4 Nc5 25. Bf4 Nd5 26. Bg3 f5 27. b4 Na4 28. Qb3 Kh8 29. c4 Ndc3 30. cxb5 axb5 31. Nxb5 Rxd1 32. Rxd1 Nxd1 33. Qxd1 Rc8 34. Nd6 Rd8 35. Nf7+ Qxf7 36. Qxd8+ Bf8 37. Qc8 Nb2 38. Be5+ 1-0

[Event "Titled Tuesday intern op 07th Sept"]
[Site "Chess.com INT"]
[Date "2021.09.07"]
[Round "10"]
[White "Blanco Gramajo, Cesar Augusto"]
[Black "Martin Duque, Jesus"]
[Result "0-1"]
[WhiteElo "2065"]
[BlackElo "2414"]
[PlyCount "40"]
[EventDate "2021.09.07"]
[EventType "swiss (blitz)"]
[EventRounds "11"]
[EventCountry "USA"]
[SourceTitle "EXT 2022"]
[Source "ChessBase"]
[SourceDate "2021.10.06"]
[SourceVersion "1"]
[SourceVersionDate "2021.10.06"]
[SourceQuality "1"]

1. d4 Nf6 2. Nf3 b6 3. g3 Bb7 4. Bg2 c5 5. 0-0 cxd4 6. Nxd4 Bxg2 7. Kxg2 Qc8 8. b3 e6 9. c4 Be7 10. Bb2 0-0 11. Nd2 Rd8 12. N2f3 Nc6 13. Rc1 Qb7 14. Kg1 Rac8 15. Nb5 d5 16. Qc2 dxc4 17. bxc4 Na5 18. Ne5 a6 19. Na3 b5 20. Qc3 b4 0-1

[Event "Titled Tuesday intern op 07th Sept"]
[Site "Chess.com INT"]
[Date "2021.09.07"]
[Round "9"]
[White "Upper, John"]
[Black "Blanco Gramajo, Cesar Augusto"]
[Result "0-1"]
[WhiteElo "1980"]
[BlackElo "2065"]
[PlyCount "82"]
[EventDate "2021.09.07"]
[EventType "swiss (blitz)"]
[EventRounds "11"]
[EventCountry "USA"]
[SourceTitle "EXT 2022"]
[Source "ChessBase"]
[SourceDate "2021.10.06"]
[SourceVersion "1"]
[SourceVersionDate "2021.10.06"]
[SourceQuality "1"]

1. c4 e5 2. Nc3 Nc6 3. e3 f5 4. d4 e4 5. Nh3 Nf6 6. Be2 g6 7. Rb1 Bg7 8. b4 0-0 9. b5 Ne7 10. Qb3 Kh8 11. Ng5 d6 12. h4 h6 13. Nh3 Be6 14. Bb2 b6 15. d5 Bf7 16. Nf4 Nd7 17. h5 Nc5 18. Qc2 g5 19. Ng6+ Bxg6 20. hxg6 Nxg6 21. Nxe4 Bxb2 22. Qxb2+ Kh7 23. Nxc5 bxc5 24. Bd3 Qf6 25. Qxf6 Rxf6 26. g3 Ne5 27. Be2 Kg6 28. Rb3 a6 29. Ra3 a5 30. Kd2 Rff8 31. Rb3 Rab8 32. a4 Nd7 33. Kc3 Nf6 34. Bd3 Ne4+ 35. Kc2 Nxf2 36. Rh2 Ng4 37. Re2 Rfe8 38. Kd2 Nf6 39. Rb1 Ne4+ 40. Bxe4 Rxe4 41. Kd3 Rg4 0-1

[Event "Titled Tuesday intern op 31st Aug"]
[Site "Chess.com INT"]
[Date "2021.08.31"]
[Round "7"]
[White "Bashirli, Saadat"]
[Black "Blanco Gramajo, Cesar Augusto"]
[Result "0-1"]
[WhiteElo "1320"]
[BlackElo "2065"]
[PlyCount "68"]
[EventDate "2021.08.31"]
[EventType "swiss (blitz)"]
[EventRounds "11"]
[EventCountry "USA"]
[SourceTitle "EXT 2022"]
[Source "ChessBase"]
[SourceDate "2021.10.06"]
[SourceVersion "1"]
[SourceVersionDate "2021.10.06"]
[SourceQuality "1"]

1. e4 c5 2. Nf3 d6 3. Bb5+ Nd7 4. 0-0 a6 5. Be2 Ngf6 6. Nc3 b5 7. d3 e6 8. Bg5 Be7 9. a3 0-0 10. d4 h6 11. Bf4 cxd4 12. Na2 e5 13. Bd2 Bb7 14. Bd3 Nc5 15. Re1 Ncxe4 16. Nb4 Nxd2 17. Nxd2 Qb6 18. Ne4 Nxe4 19. Bxe4 Bxe4 20. Rxe4 Qb7 21. Re1 a5 22. Nd3 Rac8 23. Rc1 Rc7 24. Qg4 Rfc8 25. Re2 b4 26. axb4 axb4 27. h3 b3 28. Ne1 Bg5 29. Ra1 bxc2 30. Nd3 c1Q+ 31. Nxc1 Rxc1+ 32. Rxc1 Rxc1+ 33. Kh2 Bf4+ 34. g3 Rh1# 0-1

[Event "Titled Tuesday intern op 31st Aug"]
[Site "Chess.com INT"]
[Date "2021.08.31"]
[Round "11"]
[White "Furtak, Joanna"]
[Black "Blanco Gramajo, Cesar Augusto"]
[Result "0-1"]
[WhiteElo "1876"]
[BlackElo "2065"]
[PlyCount "70"]
[EventDate "2021.08.31"]
[EventType "swiss (blitz)"]
[EventRounds "11"]
[EventCountry "USA"]
[SourceTitle "EXT 2022"]
[Source "ChessBase"]
[SourceDate "2021.10.06"]
[SourceVersion "1"]
[SourceVersionDate "2021.10.06"]
[SourceQuality "1"]

1. e4 d5 2. exd5 Qxd5 3. Nf3 Nf6 4. Be2 c6 5. 0-0 Bf5 6. c4 Qd8 7. d4 e6 8. Nc3 Bd6 9. Bg5 Nbd7 10. d5 Qc7 11. dxc6 bxc6 12. a3 0-0 13. b4 Rad8 14. Qb3 h6 15. Bh4 g5 16. Bg3 Bxg3 17. hxg3 a5 18. Nd4 Bg6 19. Rad1 e5 20. Nf3 axb4 21. axb4 Rfe8 22. b5 Ra8 23. bxc6 Qxc6 24. Nb5 Qc5 25. Rd6 Reb8 26. Rfd1 Ne4 27. Rxd7 Qxf2+ 28. Kh1 Nxg3+ 29. Kh2 Nxe2 30. c5 Nf4 31. R1d2 Qxc5 32. Rc7 Qxc7 33. Nxc7 Rxb3 34. Nxa8 g4 35. Nxe5 g3+ 0-1

[Event "Titled Tuesday intern op 24th Aug"]
[Site "Chess.com INT"]
[Date "2021.08.24"]
[Round "9"]
[White "Blanco Gramajo, Cesar Augusto"]
[Black "Gubanov, Oleg"]
[Result "0-1"]
[WhiteElo "2065"]
[BlackElo "2272"]
[PlyCount "64"]
[EventDate "2021.08.24"]
[EventType "swiss (blitz)"]
[EventRounds "11"]
[EventCountry "USA"]
[SourceTitle "EXT 2022"]
[Source "ChessBase"]
[SourceDate "2021.10.06"]
[SourceVersion "1"]
[SourceVersionDate "2021.10.06"]
[SourceQuality "1"]

1. d4 b5 2. g3 Bb7 3. Nf3 Bxf3 4. exf3 a6 5. Bg2 d5 6. 0-0 Nd7 7. a4 c6 8. axb5 axb5 9. Rxa8 Qxa8 10. Bd2 e6 11. Qe2 Bd6 12. b3 Qa2 13. Qd3 Ne7 14. Nc3 Qa7 15. Ne2 0-0 16. c4 bxc4 17. bxc4 Qa6 18. Rc1 Nb6 19. Nf4 Nxc4 20. Bf1 Qa3 21. Qxa3 Bxa3 22. Rc2 Nxd2 23. Rxd2 Bc1 24. Rc2 Bxf4 25. gxf4 g6 26. Kg2 Rc8 27. h4 Nf5 28. Rd2 Nxh4+ 29. Kg3 Nf5+ 30. Kg4 h5+ 31. Kg5 Kg7 32. Bh3 f6# 0-1

[Event "Titled Tuesday intern op 24th Aug"]
[Site "Chess.com INT"]
[Date "2021.08.24"]
[Round "3"]
[White "Tokhirjonova, Gulruhbegim"]
[Black "Blanco Gramajo, Cesar Augusto"]
[Result "1-0"]
[WhiteElo "2320"]
[BlackElo "2065"]
[PlyCount "69"]
[EventDate "2021.08.24"]
[EventType "swiss (blitz)"]
[EventRounds "11"]
[EventCountry "USA"]
[SourceTitle "EXT 2022"]
[Source "ChessBase"]
[SourceDate "2021.10.06"]
[SourceVersion "1"]
[SourceVersionDate "2021.10.06"]
[SourceQuality "1"]

1. Nf3 Nf6 2. g3 g6 3. Bg2 Bg7 4. 0-0 0-0 5. d4 c6 6. c4 d6 7. b3 Qa5 8. Bb2 Bg4 9. Nc3 Qh5 10. Qd3 Nbd7 11. Rfe1 Rad8 12. e4 e5 13. Ba3 c5 14. d5 a6 15. Nd2 Nb6 16. f3 Bc8 17. g4 Qh6 18. Nf1 Ne8 19. Rad1 f5 20. Bc1 f4 21. a3 Qg5 22. b4 Nd7 23. Na4 b6 24. bxc5 Nxc5 25. Qc2 Nxa4 26. Qxa4 h5 27. h3 hxg4 28. hxg4 Rf7 29. Bd2 Bf6 30. Rb1 Rh7 31. Rxb6 Qh6 32. Rb8 Bh4 33. Reb1 Bg3 34. Nxg3 fxg3 35. Bxh6 1-0

[Event "Titled Tuesday intern op 20th July"]
[Site "Chess.com INT"]
[Date "2021.07.20"]
[Round "11"]
[White "Adelman, Charles D"]
[Black "Blanco Gramajo, Cesar Augusto"]
[Result "1-0"]
[WhiteElo "2268"]
[BlackElo "2065"]
[PlyCount "89"]
[EventDate "2021.07.20"]
[EventType "swiss (blitz)"]
[EventRounds "11"]
[EventCountry "USA"]
[SourceTitle "CBM 203 Extra"]
[Source "ChessBase"]
[SourceDate "2021.09.30"]
[SourceVersion "1"]
[SourceVersionDate "2021.09.30"]
[SourceQuality "1"]

1. Nf3 Nf6 2. c4 g6 3. Nc3 Bg7 4. g3 0-0 5. Bg2 c6 6. 0-0 d5 7. cxd5 cxd5 8. d4 Nc6 9. Ne5 e6 10. f4 Nd7 11. Be3 Nb6 12. Bf2 Bd7 13. e4 Nxe5 14. dxe5 Bc6 15. Bxb6 Qxb6+ 16. Kh1 Qxb2 17. Qd3 dxe4 18. Nxe4 Rfd8 19. Qe3 Qd4 20. Qxd4 Rxd4 21. Nd6 Bxg2+ 22. Kxg2 b6 23. Rac1 Bf8 24. Nb5 Rd2+ 25. Rf2 Rxf2+ 26. Kxf2 Bc5+ 27. Kf3 a6 28. Nc3 Rd8 29. Ne4 Rd3+ 30. Kg4 h5+ 31. Kg5 Be7+ 32. Nf6+ Bxf6+ 33. Kxf6 Rd7 34. Rc8+ Kh7 35. Rf8 b5 36. Rxf7+ Rxf7+ 37. Kxf7 a5 38. Kxe6 b4 39. Kf7 a4 40. e6 b3 41. axb3 axb3 42. e7 b2 43. e8Q b1Q 44. Qg8+ Kh6 45. Qg7# 1-0

[Event "Titled Tuesday intern op 20th July"]
[Site "Chess.com INT"]
[Date "2021.07.20"]
[Round "2"]
[White "Blanco Gramajo, Cesar Augusto"]
[Black "Tokman, Ariel"]
[Result "1/2-1/2"]
[WhiteElo "2065"]
[BlackElo "2316"]
[PlyCount "122"]
[EventDate "2021.07.20"]
[EventType "swiss (blitz)"]
[EventRounds "11"]
[EventCountry "USA"]
[SourceTitle "CBM 203 Extra"]
[Source "ChessBase"]
[SourceDate "2021.09.30"]
[SourceVersion "1"]
[SourceVersionDate "2021.09.30"]
[SourceQuality "1"]

1. d4 d6 2. Nf3 Bg4 3. Nbd2 Nd7 4. g3 Bxf3 5. Nxf3 e5 6. Bg2 Ngf6 7. 0-0 c6 8. dxe5 Nxe5 9. b3 Be7 10. Bb2 Qc7 11. c4 0-0 12. Qc2 Rfe8 13. Rad1 Nfd7 14. Nd4 Bf8 15. Rd2 Rad8 16. Rfd1 Nc5 17. Nf5 g6 18. Nd4 Ng4 19. e3 Bg7 20. h3 Ne5 21. Kh2 h5 22. Nf3 a5 23. Kg1 Qe7 24. a3 Qf6 25. Nxe5 dxe5 26. Rxd8 Rxd8 27. Rxd8+ Qxd8 28. b4 axb4 29. axb4 Ne6 30. b5 Qd6 31. Qb3 Nc5 32. Qc2 f5 33. Ba3 e4 34. bxc6 bxc6 35. Qb1 Bf8 36. Qb6 Be7 37. Bf1 Kg7 38. Kg2 Kf7 39. Bxc5 Qxc5 40. Qxc5 Bxc5 41. Be2 Kf6 42. Kf1 Bb4 43. f3 Ke5 44. f4+ Kd6 45. Kf2 Bc3 46. g4 hxg4 47. hxg4 Bf6 48. g5 Bg7 49. Ke1 Kc5 50. Kd1 Kb4 51. Kc2 Bc3 52. Bf1 Be1 53. Be2 Bf2 54. Kd2 c5 55. Bf1 Kb3 56. Be2 Bg1 57. Bf1 Kb2 58. Be2 Bh2 59. Bf1 Bg1 60. Be2 Kb3 61. Bf1 Kb2 1/2-1/2